| 000 | 00503nam a2200133 a 4500 | ||
|---|---|---|---|
| 008 | 120416s1988 xx |||||||||||||| || u | ||
| 050 | _aTE 228 Int | ||
| 100 | _aBrilon, Wermer | ||
| 245 | 1 | 0 |
_aIntersections without traffic signals _cedited by Wermer Brilon |
| 246 | _aproceedings of an international workshop | ||
| 260 | _c1988 | ||
| 350 | _a0.00 | ||
| 995 |
_D0.00 _FCBU-MAIN LIBRARY (Kitwe) _H1 _I59.40 _UAVAILABLE _ZMain Library Open Access Collection |
||
| 999 |
_c47554 _d47554 |
||